000 00450nam a2200181Ia 4500
001 16301
005 20260306170259.0
008 260306t2019||||xx |||||||||||||| ||und||
041 _aESP
082 _a347.7
_bC24
100 _aCamacho Zegarra, María Augusta
_eAUT
245 0 _aDerecho económico, financiero y bancario
260 _c2019
300 _a521 páginas :
_c24 cm.
650 _aGEN
654 _aCAN
942 _cLIB
_dJUS
_fJUS
_2ddc
_n
999 _c16301
_d16301